General Knowledge - Geography - Statistics

General Stats
  • This quiz has been taken 155 times
  • The average score is 7 of 12
Answer Stats
Question: Answer % Correct
What country does Taiwan claim? China
80%
What was the Democratic Republic of the Congo called from 1971 to 1997? Zaire
77%
Where lies the parliment of the Netherlands? The Hague
73%
What is the worlds smallest island country? Nauru
68%
What is the third largest city in Brazil? Brasília
63%
What is the largest state in Australia? Western Australia
62%
What is the second smallest country of South America? Uruguay
53%
What province/territory of Canada is called "ᓄᓇᕗᑦ" in the local language? Nunavut
47%
What country owns the African exclaves Ceuta and Meilla? Spain
47%
What is the second largest island in Africa? Mauritius
39%
What Oceanic/Asian country became independant in May of 2002? Timor-Leste
37%
What state was the 48th to join the Unites States? Arizona
32%
No matching quizzes found
Score Distribution
Percent of People with Each Score
Percentile by Number Answered
Your Score History
You have not taken this quiz